| 000 | 01035naa a22003017a 4500 | ||
|---|---|---|---|
| 001 | BR7905610 | ||
| 003 | BR-BrBNA | ||
| 005 | 20240918174430.0 | ||
| 007 | ta | ||
| 008 | 230509b bl.||||| |||| 00| 0 por d | ||
| 040 |
_aBR-BrBNA _bpor _cBiblioteca Nacional de Agricultura |
||
| 041 | _a(Pt) | ||
| 072 |
_aL70 _b5300 |
||
| 090 | _aL70 BR7905610 | ||
| 100 | 1 | _aReis, R. | |
| 111 | 1 |
_a8. Seminario Nacional do Porco-Carne _cBelo Horizonte, MG (Brazil) _d25 Jul 1979 |
|
| 245 | 1 | _aPgrograma sanitario suino [Veterinaria preventiva] | |
| 260 | 3 |
_aBelo Horizonte, MG (Brasil): _c1979. |
|
| 500 | _aAnais do 8. Seminario Nacional do Porco-Carne Belo Horizonte, MG (Brasil): 1979. p. 23-26 (BR7905610-AM)L70 | ||
| 650 | _aVeterinaria | ||
| 650 | _aSuino | ||
| 650 | _aVeterinaria preventiva | ||
| 650 | _aMedicamento | ||
| 650 | _aVacina | ||
| 773 | 0 |
_tAnais do 8. Seminario Nacional do Porco-Carne _wL70 BR7905610 _gBelo Horizonte, MG (Brasil), 1979. p. 23-26 |
|
| 909 |
_a202404 _bLucia _c55 _dLucia Elande |
||
| 942 |
_cAM _2AGRIS |
||
| 999 |
_c311213 _d311213 |
||